000
00264nam a22001217a 4500
008
181122b xxu||||| |||| 00| 0 eng d
041
_a
eng
080
_a
910
100
_a
42
101
_a
GEO
245
_a
Collombia And Venezuela
_c
Gulan.M
942
_2
udc
_c
BK
999
_c
52327
_d
52327